Normal view
MARC view
- Miedes Díaz, Esther
Entry Nombre Personal
001 - NUMERO DE CONTROL
- campo de control: 43956
003 - IDENTIFICADOR DE NUMERO DE CONTROL
- campo de control: MX-MxUPN
005 - FECHA Y HORA DE LA ÜLTIMA TRANSACCIÓN
- campo de control: 20220311101057.0
008 - DATOS DE LONGITUD FIJA
- campo de control de longitud fija: 220311|| aca||aabn | a|a d
040 ## - FUENTE DE CATALOGACIÓN
- Agencia original de catalogación: MX-MxUPN
- Lenguaje de catalogación: spa
- Agencia de transcripción: MX-MxUPN
100 1# - ENCABEZAMIENTO - NOMBRE PERSONAL
- Nombre personal: Miedes Díaz, Esther
670 ## - FUENTE EN LA QUE SE LOCALIZARON DATOS
- Cita de la fuente: Botánica 2 : sexto grado, 1977:
- Información localizada: portada (Esther Miedes Díaz)
902 ## - CATALOGADOR
- Catalogador: VRC/110322
